000 00765nam a2200229Ia 4500
001 1118
003 GE_BSU
008 181216s||||||||xx |||||||||||||| ||und||
040 _cGE_BSU
080 _a639.51
100 _aХмелева,Н.Н.
245 _aПродукция кормовых и промысловых ракообразных(генеративная и экзувиальная)
245 _bАН Белорусской ССР. Институт зоологии
260 _aМинск
260 _bНака и техника
260 _c1984
300 _a216стр.
541 _h6л.
653 _aЗоология
653 _aПродукция кормовых и промысловых ракообразных
942 _cBK
999 _c35269
_d35269